Actas de la 1a. y 2a. Jornadas Internacionales en Torno al Barroco Europeo y Americano. 1981-1983.

সংরক্ষণ করুন:
গ্রন্থ-পঞ্জীর বিবরন
সংস্থা লেখক: Universidad Católica de Valparaíso (autor)
বিন্যাস: গ্রন্থ
ভাষা:স্প্যানিশ
প্রকাশিত: Valparaíso, Chile: Ediciones Universitarias de Valparaíso, 1985.
মালা:Conclusiones, IV.
বিষয়গুলি:
ট্যাগগুলো: ট্যাগ যুক্ত করুন
কোনো ট্যাগ নেই, প্রথমজন হিসাবে ট্যাগ করুন!

MARC

LEADER 00000cam a2200000 a 4500
001 UCP8739
003 CL-VaPUC
005 20220822114415.0
008 000310e19850000cl 1 spa d
999 |c 383522  |d 383520 
040 |c Pontificia Universidad Católica de Valparaíso 
082 0 4 |a 709.032 UNI 1985  |2 21 
110 2 |a Universidad Católica de Valparaíso  |e autor  |9 619687 
245 1 0 |a Actas de la 1a. y 2a. Jornadas Internacionales en Torno al Barroco Europeo y Americano.  |b 1981-1983.  
260 |a Valparaíso, Chile:   |b Ediciones Universitarias de Valparaíso,   |c 1985.  
300 |a 167 páginas.  
490 0 |a Conclusiones, IV.  
500 |a c.4 Donación Familia Prof. Alejandro Guzmán Brito. 
583 |a last modification  |c 20190821 11:14:20  |k Rodrigo Vera 
650 0 0 |a Arte barroco  |z Europa  |z América  |9 265546 
650 0 0 |a Investigación histórica  |9 344844 
650 0 0 |a Ensayos  |9 268724 
942 |c BK  |2 ddc  |n 0 
945 |a rherrera  |d 20000310 00:00:00 
952 |0 0  |1 0  |4 0  |6 709_032000000000000_UNI_1985  |7 0  |8 X  |9 505664  |a BIBHIS  |b BIBHIS  |d 2020-01-23  |i 1393790  |o 709.032 UNI 1985  |p 1393790  |r 2024-01-30  |w 2020-01-23  |y BK_X  |k HIS 
952 |0 0  |1 0  |3 erb  |4 0  |6 709_032000000000000_UNI_1985  |7 0  |8 X  |9 505665  |a FDOBUD  |b FDOBUD  |i 5106311  |o 709.032 UNI 1985  |p 5106311  |r 2020-01-23  |w 2020-01-23  |y BK_X  |z Catalogado en:20141107  |k BUD 
952 |0 0  |1 0  |3 erb  |4 0  |6 709_032000000000000_UNI_1985  |7 0  |8 X  |9 505666  |a FDOBUD  |b FDOBUD  |i 5243858  |o 709.032 UNI 1985  |p 5243858  |r 2020-01-23  |w 2020-01-23  |y BK_X  |z Catalogado en:20151029  |k FHP